00342cam a2200121 4500020001500000082001200015100002200027245007800049260003300127300001600160500002000176650002400196 a071610204800a608 CAW1 aCawthra, Bruce I.10aIndustrial property rights in the EEC--patents, trade marks and copyright aEpping,bGower Press,c1973. axii, 196 p. aIncludes index. 0aIndustrial property